Il servitore /

Uloženo v:
Podrobná bibliografie
Hlavní autor: Wiertz, Antoine, (1960- ) (Autor)
Médium: Kniha
Jazyk:italština
Vydáno: Forli : Zoe, [2004]
Tagy: Přidat tag
Žádné tagy, Buďte první, kdo vytvoří štítek k tomuto záznamu!

MARC

LEADER 00000nam a22000007i 4500
001 IT\ICCU\MOD\0855354
003 ItRI
005 20250828105836.0
008 040419s2004 it |||||| ||||| |||||c
020 |a 8886865333 
040 |b ita  |c ct 
041 7 |a ita  |2 ISO-639-2 
100 1 |a Wiertz, Antoine,  |d  (1960- )  |0 IT\ICCU\MODV\290503  |4 aut 
245 1 3 |a Il servitore /  |c Jan Vander Laenen. 
260 |a Forli :  |b Zoe,  |c [2004] 
300 |a 141 p. ;  |c 20 cm. 
942 |2 ddc  |c BK 
952 |0 0  |1 0  |2 ddc  |4 0  |7 0  |9 8962  |a MI  |b MI  |d 2009-11-27  |i 5745  |l 0  |p CDOM5745  |r 2025-07-17 21:50:00  |w 2025-07-17  |y BK 
981 1 |6 z01  |a i   |b xxxe  
982 1 |6 z01  |a n 
999 |c 7455  |d 7455